000 00376nam a2200169Ia 4500
001 2235
003 IN-NITTTR
005 20251114232927.0
008 251113s9999||||xx |||||||||||||| ||eng||
040 _beng
040 _cIN-NITTTR
041 _aeng
082 _a621.31 B852E
100 _aBuchan, M. F.
245 0 _aElectricity supply /
_cBuchan, M. F.
942 _2ddc
_cBK
999 _c3363
_d3363